| 000 | 00742nam a2200241 a 4500 | ||
|---|---|---|---|
| 008 | |||
| 020 | _a9241545275 (pbk.) | ||
| 049 | _aMAIN | ||
| 050 | 0 | 0 |
_aRD81 _bDOB |
| 100 | 1 | _aDobson Michael B. | |
| 245 | 1 | 0 |
_aAnaesthesia at the district hospital / _cMichael B. Dobson, illustrated by Derek Atherton and Elisabetta Sacco. |
| 250 | _a2nd.ed | ||
| 260 |
_aGeneva : _bWorld Health Organization, _cc2000. |
||
| 300 |
_av,153 p. : _bill. ; _c30 cm. |
||
| 504 | _aIncludes bibliographical references. | ||
| 500 | _aIncludes index. | ||
| 650 | 2 | _aCommunity Health Services. | |
| 907 |
_a.b10263639 _b19-07-12 _c22-06-09 |
||
| 003 | |||
| 005 | 20230120204015.0 | ||
| 040 | _cNUST | ||
| 942 | _cBOOKS | ||
| 999 |
_c115457 _d115457 |
||